Do you know all of Taylor Swift's songs? - Statistics

Estatísticas Gerais
  • Esse quiz foi jogado 238 vezes
  • A pontuação média é 74 de 184
Estatísticas das Respostas
% Correto
Fearless
87%
Lover
87%
Speak Now
87%
Red
85%
Ours
79%
Cardigan
76%
Our Song
74%
Love Story
73%
All Too Well
72%
ME!
72%
22
70%
Shake It Off
70%
Style
70%
You Belong With Me
70%
August
68%
The 1
68%
Blank Space
67%
Dear John
67%
Look What You Made Me Do
67%
Cruel Summer
66%
Back To December
65%
Betty
65%
Picture To Burn
64%
...Ready For It?
64%
Tim McGraw
64%
Welcome To New York
64%
Anti-Hero
63%
Delicate
62%
Enchanted
62%
Mine
62%
Don't Blame Me
61%
Karma
61%
Bad Blood
60%
Evermore
60%
Getaway Car
60%
Long Live
60%
Midnight Rain
60%
End Game
58%
The Man
57%
The Archer
56%
Wildest Dreams
56%
Mean
55%
New Romantics
55%
Champagne Problems
54%
Daylight
54%
Exile
54%
Lavender Haze
54%
Miss Americana & The Heartbreak Prince
54%
Sparks Fly
54%
Willow
54%
Better Than Revenge
53%
Dress
53%
Gorgeous
53%
Out Of The Woods
53%
Maroon
52%
We Are Never Ever Getting Back Together
52%
You Need To Calm Down
52%
Fifteen
51%
I Did Something Bad
50%
Mirrorball
50%
Paper Rings
50%
Teardrops On My Guitar
50%
Afterglow
48%
The Way I Loved You
48%
Clean
47%
I Knew You Were Trouble
47%
Seven
46%
I Forgot That You Existed
45%
Bejeweled
44%
New Year's Day
44%
Snow On The Beach
44%
White Horse
44%
Wonderland
44%
Cornelia Street
43%
Mastermind
43%
Marjorie
42%
My Tears Ricochet
42%
Superman
42%
Last Kiss
41%
No Body, No Crime
41%
Haunted
40%
Hoax
40%
It's Nice To Have A Friend
40%
King Of My Heart
40%
London Boy
40%
The Story Of Us
40%
Vigilante Shit
40%
False God
39%
Gold Rush
39%
I Know Places
39%
Illicit Affairs
39%
Peace
39%
Call It What You Want
38%
So It Goes...
38%
State Of Grace
38%
Stay,Stay,Stay
38%
This Is Me Trying
38%
This Love
38%
Question...?
37%
The Lakes
37%
Tolerate It
37%
Innocent
36%
Dorothea
35%
Paris
35%
The Last Great American Dynasty
35%
Invisible String
34%
This Is Why We Can't Have Nice Things
34%
I Think He Knows
33%
The Great War
33%
Dancing With Our Hands Tied
32%
How You Get The Girl
32%
You Are In Love
32%
Hey Stephen
31%
I Wish You Would
31%
Ronan
31%
All You Had To Do Was Stay
30%
Ivy
30%
Mary's Song
30%
You're On Your Own, Kid
30%
Dear Reader
29%
Babe
28%
Epiphany
28%
I Bet You Think About Me
28%
Mad Woman
28%
Soon You'll Get Better
28%
Sweet Nothing
28%
Cold As You
27%
Death By A Thousand Cuts
27%
Right Where You Left Me
27%
Should've Said No
27%
Bigger Than The Whole Sky
26%
Cowboy Like Me
26%
Glitch
26%
Hits Different
26%
Would've, Could've, Should've
26%
Bye Bye Baby
25%
Better Man
23%
Breathe
23%
Forever & Always
23%
Labyrinth
23%
'Tis The Damn Season
23%
Treacherous
23%
A Place In This World
22%
Everything Has Changed
21%
High Infidelity
21%
Run
21%
Stay Beautiful
21%
Tied Together With A Smile
21%
Untouchable
20%
Begin Again
19%
Coney Island
19%
If This Was A Movie
19%
It's Time To Go
19%
Starlight
19%
The Best Day
19%
The Outside
19%
You're Not Sorry
19%
Change
18%
Closure
18%
Come Back...Be Here
18%
Long Story Short
18%
Nothing New
18%
The Very First Night
18%
Girl At Home
17%
Jump Then Fall
17%
Message In A Bottle
17%
Superstar
17%
Tell Me Why
17%
The Last Time
17%
The Holy Ground
16%
The Other Side Of The Door
16%
Today Was A Fairytale
16%
Don't You
15%
Hapiness
15%
I Almost Do
15%
Sad Beautiful Tragic
15%
The Lucky One
15%
Forever Winter
14%
We Were Happy
14%
That's When
13%
Come In With The Rain
12%
You All Over Me
12%
The Moment I Knew
11%
Mr. Perfecly Fine
8%
Nenhum quiz correspondente encontrado
Distribuição das Pontuações
Porcentagem de Pessoas com Cada Pontuação
Percentil de Números Respondidos
Sua Pontuação Histórica
Você não jogou esse quiz